Movie Green Screens Quiz Stats

Quiz Updated Feb 18, 2016

Challenge
Share
Tweet
Score 0/20 Timer 07:00
3 Plays Today
% Correct
Harry Potter and the Order of the Phoenix
95.5%
Alice in Wonderland
95.1%
The Dark Knight
93.8%
The Matrix
91.9%
Twilight: Breaking Dawn
90.7%
The Amazing Spider-Man
88.2%
The Avengers
87.8%
The Hobbit: An Unexpected Journey
86.8%
Life of Pi
86.7%
Star Wars: Revenge of the Sith
80.7%
% Correct
Mad Max: Fury Road
79%
Inception
76.9%
The Hunger Games: Catching Fire
71.6%
Kick-Ass
69.8%
The Wolf of Wall Street
69.2%
Divergent
58.8%
The Grand Budapest Hotel
58.4%
Sin City
47%
X-Men: Days of Future Past
43.8%
Ender's Game
28.3%

You're not logged in!

Compare scores with friends on all Sporcle quizzes.
Sign Up with Email
OR
Log In

You Might Also Like...

Show Comments

Extras

Top Quizzes Today


Score Distribution

Your Account Isn't Verified!

In order to create a playlist on Sporcle, you need to verify the email address you used during registration. Go to your Sporcle Settings to finish the process.